The history of Nadir Shah (Record no. 553126)

000 -LEADER
fixed length control field 01116cam a2200169 4500
082 ## - DEWEY DECIMAL CLASSIFICATION NUMBER
Classification number 923.155
Author Mark FRA
100 1# - MAIN ENTRY--PERSONAL NAME
Personal name Fraser, James,
9 (RLIN) 50398
245 14 - TITLE STATEMENT
Title The history of Nadir Shah
Remainder of title formerly called Thamas Kuli Khan, the present emperor of Persia. ... At the end is inserted, a catalogue of about two hundred manuscripts in the Persic and other Oriental languages, collected in the East. By James Fraser.
260 ## - PUBLICATION, DISTRIBUTION, ETC.
Place of publication, distribution, etc. London :
Name of publisher, distributor, etc. printed by W. Strahan, for the author: and sold by G. Strahan, and J. Brotherton; J. Oswald and J. Davidson; S. Austin; T. Longman, and C. Hitch [and 6 others in London],
Date of publication, distribution, etc. 1742.
300 ## - PHYSICAL DESCRIPTION
Extent [2],vi,234,[6];40p.,plates :
Other physical details port.,map ;
Dimensions 8⁰.
500 ## - GENERAL NOTE
General note Another issue of this work was published in 1742 with the imprint: London: printed by W. Strahan, for the author; and sold by G. Strahan and J. Brotherton; S. Austin; A. Millar; J. Palairet; and J. Stagg.
500 ## - GENERAL NOTE
General note Reproduction of original from the British Library.
526 ## - STUDY PROGRAM INFORMATION NOTE
Program name 0
Interest level 0
Reading level 0
Title point value 923_155000000000000_FRA
650 ## - SUBJECT ADDED ENTRY--TOPICAL TERM
Topical term or geographic name entry element MCE
9 (RLIN) 379
856 40 - ELECTRONIC LOCATION AND ACCESS
Uniform Resource Identifier <a href="http://www.columbia.edu/cgi-bin/cul/resolve?clio5188480">http://www.columbia.edu/cgi-bin/cul/resolve?clio5188480</a>
942 ## - ADDED ENTRY ELEMENTS (KOHA)
Source of classification or shelving scheme
Koha item type Book
Holdings
Withdrawn status Lost status Source of classification or shelving scheme Damaged status Not for loan Permanent Location Current Location Shelving location Date acquired Total Checkouts Full call number Barcode Date last seen Price effective from Koha item type
          Military College of Engineering (MCE) Military College of Engineering (MCE)   01/29/2015   923.155 FRA MCE-ECH/64 01/29/2015 01/29/2015 Book
© 2023 Central Library, National University of Sciences and Technology. All Rights Reserved.